[Event "Test Tournament"]
[Site "Emanuel Lasker Arena"]
[Date "2024.04.09"]
[Round "1"]
[White "Karpovs Shadow"]
[Black "Copacablanca"]
[Result "0-1"]
[WhiteElo "1620"]
[BlackElo "1922"]
[Annotator "RC"]
[PlyCount "31"]
[EventDate "2024.04.09"]
[EventType "swiss (blitz)"]

1. d4 {[%emt 0:00:01]} d5 {[%emt 0:00:01]} 2. c4 {[%emt 0:00:01]} dxc4 {[%emt 0:00:01]} 3. Nf3 {[%emt 0:00:01]} Nf6 {[%emt 0:00:01]} 4. e3 {[%emt 0:00:01]} e6 {[%emt 0:00:01]} 5. Bxc4 {[%emt 0:00:01]} c5 {[%emt 0:00:01]} 6. O-O {[%emt 0:00:01]} a6 {[%emt 0:00:01]} 7. a4 {[%emt 0:00:01]} Nc6 {[%emt 0:00:01]} 8. Qe2 {[%emt 0:00:01]} cxd4 {[%emt 0:00:00]} 9. Rd1 {[%emt 0:00:01]} Be7 {[%emt 0:00:01]} 10. Nc3 {[%emt 0:00:02]} O-O {[%emt 0:00:01]} 11. exd4 {[%emt 0:00:01]} Nb4 {[%emt 0:00:04]} 12. Bg5 {[%emt 0:00:04]} Re8 {[%emt 0:00:01]} 13. Ne5 {[%emt 0:00:01]} Nc6 {[%emt 0:00:01]} 14. Nxc6 {[%emt 0:00:01]} bxc6 {[%emt 0:00:01]} 15. Qf3 {[%emt 0:00:03]} Rb8 {[%emt 0:00:02]} 16. Qxc6 {[%emt 0:00:01] Copacablanca resigns Karpovs Shadow resigns (Lag: Av=0.05s, max=0.1s)} 0-1

[Event "Test Tournament"]
[Site "Emanuel Lasker Arena"]
[Date "2024.04.09"]
[Round "1"]
[White "Klaus Junge"]
[Black "Toby Ziegler"]
[Result "1/2-1/2"]
[WhiteElo "1620"]
[BlackElo "2064"]
[Annotator "RC"]
[PlyCount "107"]
[EventDate "2024.04.09"]
[EventType "swiss (blitz)"]

1. e4 {[%emt 0:00:01]} e5 {[%emt 0:00:01]} 2. Nf3 {[%emt 0:00:01]} Nc6 {[%emt 0:00:01]} 3. Bb5 {[%emt 0:00:01]} a6 {[%emt 0:00:01]} 4. Ba4 {[%emt 0:00:01]} Nf6 {[%emt 0:00:01]} 5. O-O {[%emt 0:00:01]} Be7 {[%emt 0:00:01]} 6. Qe2 {[%emt 0:00:01]} b5 {[%emt 0:00:01]} 7. Bb3 {[%emt 0:00:01]} O-O {[%emt 0:00:01]} 8. a4 {[%emt 0:00:01]} Bb7 {[%emt 0:00:01]} 9. axb5 {[%emt 0:00:02]} axb5 {[%emt 0:00:01]} 10. Rxa8 {[%emt 0:00:01]} Qxa8 {[%emt 0:00:01]} 11. Qxb5 {[%emt 0:00:01]} Nxe4 {[%emt 0:00:01]} 12. Nxe5 {[%emt 0:00:01]} Ba6 {[%emt 0:00:04]} 13. Bxf7+ {[%emt 0:00:01]} Kh8 {[%emt 0:00:01]} 14. Ng6+ {[%emt 0:00:04]} hxg6 {[%emt 0:00:01]} 15. Qb3 {[%emt 0:00:01]} Bh4 {[%emt 0:00:03]} 16. Qh3 {[%emt 0:00:03]} g5 {[%emt 0:00:08]} 17. Bd5 {[%emt 0:00:04]} Qe8 {[%emt 0:00:01]} 18. d3 {[%emt 0:00:03]} Nxf2 {[%emt 0:00:01]} 19. Qe3 {[%emt 0:00:01]} Nb4 {[%emt 0:00:04]} 20. Bb3 {[%emt 0:00:03]} Ng4 {[%emt 0:00:01]} 21. Rxf8+ {[%emt 0:00:03]} Qxf8 {[%emt 0:00:01]} 22. Qf3 {[%emt 0:00:03]} Qc5+ {[%emt 0:00:03]} 23. d4 {[%emt 0:00:02]} Qxd4+ {[%emt 0:00:01]} 24. Be3 {[%emt 0:00:01]} Qxe3+ {[%emt 0:00:01]} 25. Qxe3 {[%emt 0:00:01]} Nxe3 {[%emt 0:00:01]} 26. g3 {[%emt 0:00:01]} Nexc2 {[%emt 0:00:01]} 27. gxh4 {[%emt 0:00:01]} Nd4 {[%emt 0:00:01]} 28. Ba4 {[%emt 0:00:01]} gxh4 {[%emt 0:00:01]} 29. Na3 {[%emt 0:00:01]} c6 {[%emt 0:00:01]} 30. Nb1 {[%emt 0:00:01]} Nf3+ {[%emt 0:00:01]} 31. Kg2 {[%emt 0:00:01]} Ne1+ {[%emt 0:00:01]} 32. Kh3 {[%emt 0:00:01]} d5 {[%emt 0:00:01]} 33. Na3 {[%emt 0:00:01]} Bf1+ {[%emt 0:00:01]} 34. Kxh4 {[%emt 0:00:00]} Ba6 {[%emt 0:00:01]} 35. Kh5 {[%emt 0:00:01]} Be2+ {[%emt 0:00:01]} 36. Kg6 {[%emt 0:00:01]} d4 {[%emt 0:00:01]} 37. Kf7 {[%emt 0:00:01]} d3 {[%emt 0:00:01]} 38. Nc4 {[%emt 0:00:01]} Nf3 {[%emt 0:00:01]} 39. Ke7 {[%emt 0:00:01]} d2 {[%emt 0:00:01]} 40. Nxd2 {[%emt 0:00:01]} Nxd2 {[%emt 0:00:01]} 41. Kd7 {[%emt 0:00:01]} c5 {[%emt 0:00:01]} 42. Kd6 {[%emt 0:00:01]} Ne4+ {[%emt 0:00:01]} 43. Kd7 {[%emt 0:00:00]} Nd3 {[%emt 0:00:01]} 44. Ke7 {[%emt 0:00:01]} Nxb2 {[%emt 0:00:00]} 45. Bd7 {[%emt 0:00:01]} c4 {[%emt 0:00:01]} 46. Bg4 {[%emt 0:00:01]} Bxg4 {[%emt 0:00:01]} 47. Kf7 {[%emt 0:00:00]} Nd3 {[%emt 0:00:01]} 48. h3 {[%emt 0:00:00]} Bxh3 {[%emt 0:00:01]} 49. Kf8 {[%emt 0:00:00]} g5 {[%emt 0:00:01]} 50. Kf7 {[%emt 0:00:00]} Nf4 {[%emt 0:00:01]} 51. Ke7 {[%emt 0:00:00]} c3 {[%emt 0:00:01]} 52. Kf7 {[%emt 0:00:00]} Kh7 {[%emt 0:00:00]} 53. Ke7 {[%emt 0:00:00]} Be6 {[%emt 0:00:01] '} 54. Kf8 {[%emt 0:00:00] (Lag: Av=0.06s, max=0.6s)} 1/2-1/2

[Event "Test Tournament"]
[Site "Emanuel Lasker Arena"]
[Date "2024.04.09"]
[Round "1"]
[White "Klaus Junge"]
[Black "Thomas Kydd"]
[Result "0-1"]
[WhiteElo "1620"]
[BlackElo "2405"]
[Annotator "TA"]
[PlyCount "88"]
[EventDate "2024.04.09"]
[EventType "swiss (blitz)"]

{[%evp 21,87,0,20,0,0,4,38,30,171,181,147,23,237,0,-9,-132,-136,-211,-194,-576,-569,-560,-569,-687,-678,-702,-691,-717,-710,-1095,-1104,-1124,-1126,-1102,-1068,-1088,-1115,-5181,-5017,-4913,-1062,-4781,-1164,-5729,-1170,-29971,-29969,-29965,-11755,-29996,-29997,-29997,-29997,-29998,-29997,-29998,-29998,-29998,-29998,-29998,-29997,-29997,-29997,-29997,-29998,-29998,-29999,-29999]} 1. e4 {[%emt 0:00:01]} c5 {[%emt 0:00:01]} 2. Nf3 {[%emt 0:00:01]} d6 {[%emt 0:00:01]} 3. d4 {[%emt 0:00:01]} cxd4 {[%emt 0:00:00]} 4. Nxd4 {[%emt 0:00:01]} Nf6 {[%emt 0:00:01]} 5. Nc3 {[%emt 0:00:01]} e6 {[%emt 0:00:01]} 6. Be2 {[%emt 0:00:01]} Be7 {[%emt 0:00:01]} 7. O-O {[%emt 0:00:01]} Nc6 {[%emt 0:00:01]} 8. Be3 {[%emt 0:00:04]} a6 {[%emt 0:00:01]} 9. f4 {[%emt 0:00:01]} Bd7 {[%emt 0:00:01]} 10. Qe1 {[%emt 0:00:04]} b5 {[%emt 0:00:01]} 11. Qg3 {[%emt 0:00:01]} O-O {[%emt 0:00:01]} 12. e5 {[%emt 0:00:03]} dxe5 {[%emt 0:00:01]} 13. fxe5 {[%emt 0:00:01]} Ne8 {[%emt 0:00:05] Hoping for ...Nxd4.} 14. Bd3 {[%emt 0:00:04] White is slightly better.} Bh4 {[%emt 0:00:04] [#]} (14... Nxd4 $11 15. Bxd4 Bc6) 15. Nxc6 $1 $18 {[%emt 0:00:03]} Bxc6 {[%emt 0:00:01] [#]} 16. Qg4 {[%emt 0:00:03]} (16. Qh3 $1 $16 h6 17. Ne4) 16... Rc8 $2 {[%emt 0:00:04]} (16... Be7 $11) 17. Bc5 $2 {[%emt 0:00:02]} ({White should play} 17. Rad1 $18 {[%cal Od3h7] Black must now prevent Bxh7+!} Bd7 18. a4) 17... Bxg2 $11 {[%emt 0:00:01]} 18. Rad1 {[%emt 0:00:02] Black converts the advantage convincingly.} Qg5 $17 {[%emt 0:00:02] Dancing on a razor blade.} 19. Rf4 {[%emt 0:00:03]} (19. Qxg5 $17 {might work better.} Bxg5 20. Bxh7+ Kxh7 21. Bxf8 Bxf1 22. Rxf1 Be3+ 23. Kg2) 19... Bf3 {[%emt 0:00:01]} ({Resist} 19... Rxc5 20. Qxh4 h6 (20... Rxe5 21. Qxh7#) 21. Ne4 Qxh4 (21... Bxe4+ 22. Qxg5 hxg5 23. Rxe4 $19) 22. Rxh4 Bxe4 (22... Rxe5 $2 23. Kxg2 f5 24. Ng3 $16) 23. Rxe4) 20. Bxh7+ $2 {[%emt 0:00:01]} (20. Qxg5 {nothing else works.} Bxg5 21. Rxf3 Rxc5 22. a4) 20... Kxh7 $19 {[%emt 0:00:01]} 21. Qxg5 {[%emt 0:00:01]} Bxg5 {[%emt 0:00:00] A strong pair of Bishops.} 22. Rd7 {[%emt 0:00:01]} Bxf4 {[%emt 0:00:01]} 23. Bxf8 {[%emt 0:00:01]} Bxe5 {[%emt 0:00:01] ...Nf6 is the strong threat.} 24. Rxf7 {[%emt 0:00:01]} Bh5 {[%emt 0:00:01]} 25. Rd7 {[%emt 0:00:02]} Nf6 {[%emt 0:00:02]} 26. Rxg7+ {[%emt 0:00:01]} Kh8 {[%emt 0:00:01]} 27. Rg5 {[%emt 0:00:02]} Bd4+ {[%emt 0:00:01]} 28. Kf1 {[%emt 0:00:01]} Rxf8 {[%emt 0:00:01]} 29. Kg2 {[%emt 0:00:01]} Bxc3 {[%emt 0:00:01]} 30. bxc3 {[%emt 0:00:01]} Re8 {[%emt 0:00:02]} 31. h3 {[%emt 0:00:01]} Rd8 {[%emt 0:00:02]} 32. h4 {[%emt 0:00:01]} Rd7 {[%emt 0:00:01]} 33. c4 {[%emt 0:00:01]} Rd2+ {[%emt 0:00:00]} 34. Kg1 {[%emt 0:00:01]} bxc4 {[%emt 0:00:01]} 35. Rb5 {[%emt 0:00:01]} axb5 {[%emt 0:00:01] Black mates.} 36. Kh1 {[%emt 0:00:01]} Bf3+ {[%emt 0:00:02]} 37. Kg1 {[%emt 0:00:00]} Rxc2 {[%emt 0:00:00]} 38. h5 {[%emt 0:00:01]} c3 {[%emt 0:00:01]} 39. Kf1 {[%emt 0:00:01]} Rxa2 {[%emt 0:00:01]} 40. Ke1 {[%emt 0:00:00]} Bxh5 {[%emt 0:00:01]} 41. Kf1 {[%emt 0:00:00]} c2 {[%emt 0:00:01][%cal Rc2c1]} 42. Kf2 {[%emt 0:00:00]} c1=Q+ {[%emt 0:00:01]} 43. Kg3 {[%emt 0:00:00]} Qg5+ {[%emt 0:00:01]} 44. Kh3 {[%emt 0:00:01]} Qg4# {[%emt 0:00:01] Weighted Error Value: White=1.32/Black=0.64.  Loses game:     	---       	Black=1      Missed win:     	White=1     	---        Mistake:       	White=4     	Black=1      Inaccurate:     	---       	Black=1      OK:         	White=2     	Black=3      Best:        	---       	Black=1      Strong:       	White=1     	---} 0-1

[Event "Test Tournament"]
[Site "Emanuel Lasker Arena"]
[Date "2024.04.09"]
[Round "1"]
[White "Knightess"]
[Black "Stratospheric"]
[Result "0-1"]
[WhiteElo "1620"]
[BlackElo "1620"]
[Annotator "NA RC"]
[PlyCount "68"]
[EventDate "2024.04.09"]
[EventType "swiss (blitz)"]

1. e4 {[%emt 0:00:01]} e5 {[%emt 0:00:01]} 2. f4 {[%emt 0:00:02]} exf4 {[%emt 0:00:01]} 3. Bc4 {[%emt 0:00:01]} Nf6 {[%emt 0:00:01]} 4. Nc3 {[%emt 0:00:01]} c6 {[%emt 0:00:01]} 5. Bb3 {[%emt 0:00:01]} d5 {[%emt 0:00:01]} 6. exd5 {[%emt 0:00:01]} cxd5 {[%emt 0:00:00]} 7. d4 {[%emt 0:00:01]} Bb4 {[%emt 0:00:01]} 8. Bxf4 {[%emt 0:00:01]} Bxc3+ {[%emt 0:00:01]} 9. bxc3 {[%emt 0:00:01]} Ne4 {[%emt 0:00:01]} 10. Qh5 {[%emt 0:00:04]} Be6 {[%emt 0:00:01]} 11. h4 {[%emt 0:00:04]} Nc6 {[%emt 0:00:06]} 12. g4 {[%emt 0:00:03]} Rf8 {[%emt 0:00:01]} 13. Qxh7 {[%emt 0:00:01]} Bxg4 {[%emt 0:00:01]} 14. Qxg7 {[%emt 0:00:02]} Qd7 {[%emt 0:00:04]} 15. h5 {[%emt 0:00:08]} O-O-O {[%emt 0:00:03]} 16. h6 {[%emt 0:00:03]} Nxc3 {[%emt 0:00:02]} 17. Kd2 {[%emt 0:00:01]} Ne4+ {[%emt 0:00:03]} 18. Ke3 {[%emt 0:00:02]} Rg8 {[%emt 0:00:02]} 19. Qh7 {[%emt 0:00:02]} Rg6 {[%emt 0:00:02]} 20. Rh4 {[%emt 0:00:02]} Re8 {[%emt 0:00:03]} 21. Nf3 {[%emt 0:00:01]} Ng5+ {[%emt 0:00:02]} 22. Ne5 {[%emt 0:00:01]} Rxe5+ {[%emt 0:00:01]} 23. dxe5 {[%emt 0:00:01]} Nxh7 {[%emt 0:00:01]} 24. a4 {[%emt 0:00:01]} f6 {[%emt 0:00:01]} 25. c4 {[%emt 0:00:01]} d4+ {[%emt 0:00:01]} 26. Kd2 {[%emt 0:00:01]} fxe5 {[%emt 0:00:01]} 27. Bc2 {[%emt 0:00:01]} Bf5 {[%emt 0:00:01]} 28. Rh5 {[%emt 0:00:02]} d3 {[%emt 0:00:01]} 29. Bb3 {[%emt 0:00:01]} exf4 {[%emt 0:00:01]} 30. c5 {[%emt 0:00:01]} Rg2+ {[%emt 0:00:01]} 31. Kd1 {[%emt 0:00:01]} Bg4+ {[%emt 0:00:01]} 32. Kc1 {[%emt 0:00:01]} d2+ {[%emt 0:00:01]} 33. Kc2 {[%emt 0:00:01]} d1=Q+ {[%emt 0:00:01]} 34. Kc3 {[%emt 0:00:01]} Q7d4# {[%emt 0:00:01] (Lag: Av=0.06s, max=0.3s)} 0-1

[Event "Test Tournament"]
[Site "Emanuel Lasker Arena"]
[Date "2024.04.09"]
[Round "1"]
[White "Knightess"]
[Black "Roberta Draper"]
[Result "0-1"]
[WhiteElo "1620"]
[BlackElo "1620"]
[Annotator "NA RC"]
[PlyCount "20"]
[EventDate "2024.04.09"]
[EventType "swiss (blitz)"]

1. e4 {[%emt 0:00:01]} c5 {[%emt 0:00:01]} 2. Nf3 {[%emt 0:00:01]} d6 {[%emt 0:00:01]} 3. b4 {[%emt 0:00:02]} cxb4 {[%emt 0:00:01]} 4. d4 {[%emt 0:00:02]} Nf6 {[%emt 0:00:00]} 5. Bd3 {[%emt 0:00:01]} g6 {[%emt 0:00:01]} 6. a3 {[%emt 0:00:01]} bxa3 {[%emt 0:00:01]} 7. Rxa3 {[%emt 0:00:01]} Bg7 {[%emt 0:00:01]} 8. h3 {[%emt 0:00:05]} Nc6 {[%emt 0:00:02]} 9. O-O {[%emt 0:00:07]} Qb6 {[%emt 0:00:04]} 10. e5 {[%emt 0:00:01]} Nd5 {[%emt 0:00:04] Roberta Draper resigns Knightess resigns (Lag: Av=0.05s, max=0.1s)} 0-1

[Event "Test Tournament"]
[Site "Emanuel Lasker Arena"]
[Date "2024.04.09"]
[Round "1"]
[White "Lord Grantham"]
[Black "Encheladus"]
[Result "1-0"]
[WhiteElo "1620"]
[BlackElo "1620"]
[Annotator "NA RC"]
[PlyCount "69"]
[EventDate "2024.04.09"]
[EventType "swiss (blitz)"]

1. d4 {[%emt 0:00:01]} Nf6 {[%emt 0:00:01]} 2. c4 {[%emt 0:00:01]} e6 {[%emt 0:00:01]} 3. Nf3 {[%emt 0:00:01]} d5 {[%emt 0:00:01]} 4. g3 {[%emt 0:00:01]} dxc4 {[%emt 0:00:01]} 5. Bg2 {[%emt 0:00:01]} c5 {[%emt 0:00:01]} 6. O-O {[%emt 0:00:01]} Nc6 {[%emt 0:00:01]} 7. Qa4 {[%emt 0:00:01]} cxd4 {[%emt 0:00:01]} 8. Nxd4 {[%emt 0:00:01]} Qxd4 {[%emt 0:00:01]} 9. Bxc6+ {[%emt 0:00:01]} Bd7 {[%emt 0:00:04]} 10. Bxd7+ {[%emt 0:00:01]} Qxd7 {[%emt 0:00:01]} 11. Qxc4 {[%emt 0:00:01]} Rc8 {[%emt 0:00:08]} 12. Qb3 {[%emt 0:00:04]} Bc5 {[%emt 0:00:03]} 13. Rd1 {[%emt 0:00:04]} Bd6 {[%emt 0:00:03]} 14. Bg5 {[%emt 0:00:04]} O-O {[%emt 0:00:03]} 15. Nc3 {[%emt 0:00:06]} Qc6 {[%emt 0:00:03]} 16. Nb5 {[%emt 0:00:03]} Ne4 {[%emt 0:00:03]} 17. Nxa7 {[%emt 0:00:01]} Qa6 {[%emt 0:00:03]} 18. Be3 {[%emt 0:00:01]} Ra8 {[%emt 0:00:02]} 19. Nb5 {[%emt 0:00:03]} Be5 {[%emt 0:00:02]} 20. Rd7 {[%emt 0:00:02]} h5 {[%emt 0:00:02]} 21. h4 {[%emt 0:00:02]} Rfd8 {[%emt 0:00:02]} 22. Re7 {[%emt 0:00:02]} Rd5 {[%emt 0:00:02]} 23. Na3 {[%emt 0:00:02]} Qd6 {[%emt 0:00:02]} 24. Rxf7 {[%emt 0:00:01]} Rxa3 {[%emt 0:00:01]} 25. Qxb7 {[%emt 0:00:01]} Bxb2 {[%emt 0:00:01]} 26. Bf4 {[%emt 0:00:02]} Qa6 {[%emt 0:00:02]} 27. Rb1 {[%emt 0:00:02]} Bf6 {[%emt 0:00:01]} 28. f3 {[%emt 0:00:02]} Nc3 {[%emt 0:00:01]} 29. e4 {[%emt 0:00:02]} Rda5 {[%emt 0:00:01]} 30. Rb6 {[%emt 0:00:01]} Bd4+ {[%emt 0:00:01]} 31. Be3 {[%emt 0:00:01]} Bxe3+ {[%emt 0:00:00]} 32. Kg2 {[%emt 0:00:01]} Qxb6 {[%emt 0:00:00]} 33. Rxg7+ {[%emt 0:00:01]} Kh8 {[%emt 0:00:00]} 34. Rh7+ {[%emt 0:00:01]} Kg8 {[%emt 0:00:00]} 35. Qf7# {[%emt 0:00:00] (Lag: Av=0.06s, max=0.3s)} 1-0

[Event "Test Tournament"]
[Site "Emanuel Lasker Arena"]
[Date "2024.04.09"]
[Round "1"]
[White "Melancholia"]
[Black "Sauerbruch"]
[Result "1-0"]
[WhiteElo "1620"]
[BlackElo "1620"]
[Annotator "NA RC"]
[PlyCount "27"]
[EventDate "2024.04.09"]
[EventType "swiss (blitz)"]

1. e4 {[%emt 0:00:01]} c5 {[%emt 0:00:01]} 2. Nf3 {[%emt 0:00:01]} d6 {[%emt 0:00:01]} 3. d4 {[%emt 0:00:01]} cxd4 {[%emt 0:00:01]} 4. Nxd4 {[%emt 0:00:01]} Nf6 {[%emt 0:00:01]} 5. Nc3 {[%emt 0:00:01]} a6 {[%emt 0:00:01]} 6. Be3 {[%emt 0:00:01]} e6 {[%emt 0:00:01]} 7. f3 {[%emt 0:00:01]} h5 {[%emt 0:00:00]} 8. a4 {[%emt 0:00:01]} d5 {[%emt 0:00:01]} 9. Bg5 {[%emt 0:00:07]} dxe4 {[%emt 0:00:02]} 10. fxe4 {[%emt 0:00:01]} Qa5 {[%emt 0:00:02]} 11. Bf4 {[%emt 0:00:04]} g5 {[%emt 0:00:04]} 12. Bb5+ {[%emt 0:00:08]} Ke7 {[%emt 0:00:03]} 13. Nf5+ {[%emt 0:00:02]} exf5 {[%emt 0:00:02]} 14. Qd6# {[%emt 0:00:02] (Lag: Av=0.07s, max=0.2s)} 1-0

[Event "Test Tournament"]
[Site "Emanuel Lasker Arena"]
[Date "2024.04.09"]
[Round "1"]
[White "Melancholia"]
[Black "Sauerbruch"]
[Result "0-1"]
[WhiteElo "1620"]
[BlackElo "1620"]
[Annotator "NA RC"]
[PlyCount "50"]
[EventDate "2024.04.09"]
[EventType "swiss (blitz)"]

1. d4 {[%emt 0:00:01]} f5 {[%emt 0:00:01]} 2. g3 {[%emt 0:00:01]} Nf6 {[%emt 0:00:01]} 3. Bg2 {[%emt 0:00:01]} g6 {[%emt 0:00:01]} 4. Nf3 {[%emt 0:00:01]} Bg7 {[%emt 0:00:01]} 5. O-O {[%emt 0:00:01]} O-O {[%emt 0:00:01]} 6. c4 {[%emt 0:00:01]} d6 {[%emt 0:00:01]} 7. Nc3 {[%emt 0:00:01]} c6 {[%emt 0:00:01]} 8. Rb1 {[%emt 0:00:04]} Ne4 {[%emt 0:00:01]} 9. Bf4 {[%emt 0:00:01]} h6 {[%emt 0:00:01]} 10. Qc2 {[%emt 0:00:02]} g5 {[%emt 0:00:07]} 11. b4 {[%emt 0:00:08]} gxf4 {[%emt 0:00:03]} 12. Nxe4 {[%emt 0:00:01]} fxe4 {[%emt 0:00:01]} 13. Qxe4 {[%emt 0:00:01]} Bf5 {[%emt 0:00:03]} 14. Qxf4 {[%emt 0:00:01]} Bxb1 {[%emt 0:00:01]} 15. Qg4 {[%emt 0:00:03]} Bf5 {[%emt 0:00:03]} 16. a4 {[%emt 0:00:06]} Bxg4 {[%emt 0:00:01]} 17. Nh4 {[%emt 0:00:02]} Bxd4 {[%emt 0:00:01]} 18. Rd1 {[%emt 0:00:01]} e5 {[%emt 0:00:01]} 19. h3 {[%emt 0:00:03]} Bxf2+ {[%emt 0:00:01]} 20. Kh1 {[%emt 0:00:01]} Bxe2 {[%emt 0:00:01]} 21. Ra1 {[%emt 0:00:02]} b5 {[%emt 0:00:01]} 22. g4 {[%emt 0:00:04]} Qxh4 {[%emt 0:00:01]} 23. axb5 {[%emt 0:00:01]} Rf3 {[%emt 0:00:02]} 24. Bf1 {[%emt 0:00:01]} Rxh3+ {[%emt 0:00:02]} 25. Bxh3 {[%emt 0:00:01]} Qxh3# {[%emt 0:00:01] (Lag: Av=0.12s, max=0.9s)} 0-1

[Event "Test Tournament"]
[Site "Emanuel Lasker Arena"]
[Date "2024.04.09"]
[Round "1"]
[White "Melancholia"]
[Black "Karpovs Shadow"]
[Result "0-1"]
[WhiteElo "1620"]
[BlackElo "1620"]
[Annotator "NA RC"]
[PlyCount "50"]
[EventDate "2024.04.09"]
[EventType "swiss (blitz)"]

1. e4 {[%emt 0:00:02]} e5 {[%emt 0:00:01]} 2. Nf3 {[%emt 0:00:01]} Nc6 {[%emt 0:00:01]} 3. Bb5 {[%emt 0:00:01]} a6 {[%emt 0:00:01]} 4. Ba4 {[%emt 0:00:01]} Nf6 {[%emt 0:00:01]} 5. O-O {[%emt 0:00:01]} Be7 {[%emt 0:00:01]} 6. Re1 {[%emt 0:00:01]} b5 {[%emt 0:00:01]} 7. Bb3 {[%emt 0:00:01]} O-O {[%emt 0:00:01]} 8. c3 {[%emt 0:00:01]} d6 {[%emt 0:00:01]} 9. h3 {[%emt 0:00:01]} Na5 {[%emt 0:00:01]} 10. Bc2 {[%emt 0:00:01]} c5 {[%emt 0:00:01]} 11. d4 {[%emt 0:00:01]} Qc7 {[%emt 0:00:01]} 12. Qe2 {[%emt 0:00:04]} cxd4 {[%emt 0:00:01]} 13. cxd4 {[%emt 0:00:01]} Bd7 {[%emt 0:00:01]} 14. Bd3 {[%emt 0:00:02]} Nc6 {[%emt 0:00:02]} 15. d5 {[%emt 0:00:01]} Nb4 {[%emt 0:00:04]} 16. Bg5 {[%emt 0:00:07]} h6 {[%emt 0:00:01]} 17. Rc1 {[%emt 0:00:03]} Qb6 {[%emt 0:00:04]} 18. Be3 {[%emt 0:00:03]} Qa5 {[%emt 0:00:04]} 19. Nbd2 {[%emt 0:00:03]} Rac8 {[%emt 0:00:01]} 20. a3 {[%emt 0:00:03]} Nxd3 {[%emt 0:00:01]} 21. Qxd3 {[%emt 0:00:01]} b4 {[%emt 0:00:03]} 22. Rc4 {[%emt 0:00:02]} Bb5 {[%emt 0:00:03]} 23. g4 {[%emt 0:00:02]} b3 {[%emt 0:00:02]} 24. Qxb3 {[%emt 0:00:02]} Bxc4 {[%emt 0:00:01]} 25. Nxc4 {[%emt 0:00:01]} Qc7 {[%emt 0:00:03] Time (Lag: Av=0.07s, max=0.5s) .} 0-1

[Event "Test Tournament"]
[Site "Emanuel Lasker Arena"]
[Date "2024.04.02"]
[Round "1"]
[White "MikhailBerg"]
[Black "Chartwell"]
[Result "*"]
[WhiteElo "1620"]
[BlackElo "2178"]
[Annotator "RC"]
[PlyCount "95"]
[EventDate "2024.04.02"]
[EventType "swiss (blitz)"]

1. e4 {[%emt 0:00:01]} e5 {[%emt 0:00:01]} 2. Nf3 {[%emt 0:00:01]} Nc6 {[%emt 0:00:01]} 3. Bb5 {[%emt 0:00:01]} a6 {[%emt 0:00:01]} 4. Ba4 {[%emt 0:00:01]} Nf6 {[%emt 0:00:01]} 5. O-O {[%emt 0:00:01]} Be7 {[%emt 0:00:01]} 6. Re1 {[%emt 0:00:01]} b5 {[%emt 0:00:01]} 7. Bb3 {[%emt 0:00:01]} O-O {[%emt 0:00:01]} 8. c3 {[%emt 0:00:01]} d6 {[%emt 0:00:01]} 9. d4 {[%emt 0:00:01]} Bg4 {[%emt 0:00:01]} 10. Be3 {[%emt 0:00:01]} exd4 {[%emt 0:00:01]} 11. cxd4 {[%emt 0:00:01]} Na5 {[%emt 0:00:01]} 12. Bc2 {[%emt 0:00:01]} Nc4 {[%emt 0:00:02]} 13. Bc1 {[%emt 0:00:01]} c5 {[%emt 0:00:01]} 14. b3 {[%emt 0:00:01]} Nb6 {[%emt 0:00:02]} 15. Nbd2 {[%emt 0:00:01]} cxd4 {[%emt 0:00:01]} 16. h3 {[%emt 0:00:01]} Bh5 {[%emt 0:00:01]} 17. Bb2 {[%emt 0:00:01]} d5 {[%emt 0:00:01]} 18. e5 {[%emt 0:00:01]} Ne4 {[%emt 0:00:02]} 19. Nxe4 {[%emt 0:00:01]} dxe4 {[%emt 0:00:00]} 20. Bxe4 {[%emt 0:00:00]} d3 {[%emt 0:00:02]} 21. Re3 {[%emt 0:00:01]} Nc4 {[%emt 0:00:01]} 22. bxc4 {[%emt 0:00:01]} bxc4 {[%emt 0:00:00]} 23. Bxa8 {[%emt 0:00:00]} Qxa8 {[%emt 0:00:01]} 24. Bc3 {[%emt 0:00:01]} Bc5 {[%emt 0:00:01]} 25. Rb1 {[%emt 0:00:01]} Qd5 {[%emt 0:00:02]} 26. Re1 {[%emt 0:00:01]} Rc8 {[%emt 0:00:01]} 27. e6 {[%emt 0:00:01]} fxe6 {[%emt 0:00:00]} 28. Re5 {[%emt 0:00:01]} Bxf3 {[%emt 0:00:02]} 29. Qxf3 {[%emt 0:00:01]} Qxf3 {[%emt 0:00:00]} 30. gxf3 {[%emt 0:00:00]} a5 {[%emt 0:00:01]} 31. Re4 {[%emt 0:00:01]} e5 {[%emt 0:00:01]} 32. Rxe5 {[%emt 0:00:01]} Bb4 {[%emt 0:00:01]} 33. Bxb4 {[%emt 0:00:00]} axb4 {[%emt 0:00:00]} 34. Rd5 {[%emt 0:00:01]} Re8 {[%emt 0:00:02]} 35. Rd4 {[%emt 0:00:01]} c3 {[%emt 0:00:01]} 36. Rxd3 {[%emt 0:00:00]} c2 {[%emt 0:00:01]} 37. Rc1 {[%emt 0:00:01]} Rc8 {[%emt 0:00:02]} 38. Kf1 {[%emt 0:00:01]} Kf7 {[%emt 0:00:02]} 39. Ke1 {[%emt 0:00:01]} h6 {[%emt 0:00:02]} 40. Kd2 {[%emt 0:00:01]} Kf6 {[%emt 0:00:02]} 41. Rxc2 {[%emt 0:00:01]} b3 {[%emt 0:00:02]} 42. axb3 {[%emt 0:00:01]} Re8 {[%emt 0:00:02]} 43. b4 {[%emt 0:00:01]} Re5 {[%emt 0:00:01]} 44. f4 {[%emt 0:00:09]} Re4 {[%emt 0:00:01]} 45. Rc6+ {[%emt 0:00:01]} Kf5 {[%emt 0:00:01]} 46. Rd5+ {[%emt 0:00:01]} Kxf4 {[%emt 0:00:01]} 47. b5 {[%emt 0:00:01]} Rb4 {[%emt 0:00:01]} 48. b6 {[%emt 0:00:06]} *